Dr. Ambedkar an honest person and a dynamic legislative draftsman : (Record no. 139050)

MARC details
000 -LEADER
fixed length control field 00685nam a22001817a 4500
005 - DATE AND TIME OF LATEST TRANSACTION
control field 20170419123122.0
010 ## - LCCN (DPL NO)
LC control number ENG-117772
020 ## - INTERNATIONAL STANDARD BOOK NUMBER
International Standard Book Number 9352584775
Terms of availability 550.00
035 ## - SYSTEM CONTROL NUMBER
System control number EN-101304
037 ## - SOURCE OF ACQUISITION
Source of stock number/acquisition DABD/PUB
082 ## - DEWEY DECIMAL CLASSIFICATION NUMBER
Classification number 305.562
100 ## - MAIN ENTRY--PERSONAL NAME
Personal name Khwaja Abdul Muntaqim.
245 ## - TITLE STATEMENT
Title Dr. Ambedkar an honest person and a dynamic legislative draftsman :
Remainder of title (with laws relating to scheduled castes and scheduled tribes) /
Statement of responsibility, etc by Khwaja Abdul Muntaqim
260 ## - PUBLICATION, DISTRIBUTION, ETC. (IMPRINT)
Place of publication, distribution, etc New Delhi
Name of publisher, distributor, etc M.R. Publications
Date of publication, distribution, etc 2017
270 ## - ADDRESS
City New Delhi
Address #10 Metropole Market, 2724-25 First Floor Kucha Chelan,Daryaganj
Postal code 110002
300 ## - PHYSICAL DESCRIPTION
Extent 232p.
Dimensions 22cm(Hb)
942 ## - ADDED ENTRY ELEMENTS (KOHA)
Source of classification or shelving scheme Dewey Decimal Classification
Item type English Books
Classification part 305.562
Call number suffix KHW
Holdings
Withdrawn status Lost status Not for loan Collection code Home library Current library Date acquired Cost, normal purchase price Full call number Barcode Copy number Cost, replacement price Koha item type
      Non-fiction Shahdara Branch Shahdara Branch 19/04/2017 550.00 305.562 KHW EN-101304 1 550.00 English Books

© Delhi Public Library
Hit Counter
free hit counter